Aprovechamiento de residuos de cosecha y poscosecha del plátano / (Registro nro. 11109)

000 -CABECERA
campo de control de longitud fija 01507nam a2200265 a 4500
001 - NÚMERO DE CONTROL
campo de control 000083236
005 - FECHA Y HORA DE LA ÚLTIMA TRANSACCIÓN
campo de control 20200120224807.0
008 - DATOS DE LONGITUD FIJA--INFORMACIÓN GENERAL
campo de control de longitud fija 170725s2016 ck a|||gr|||||000 ||spa d
020 ## - NÚMERO INTERNACIONAL ESTÁNDAR DEL LIBRO
Número Internacional Estándar del Libro 9789587591477
082 04 - NÚMERO DE LA CLASIFICACIÓN DECIMAL DEWEY
Número de clasificación 634.773
Número de documento/Ítem M19
Número de edición 21
100 1# - ENTRADA PRINCIPAL--NOMBRE DE PERSONA
Nombre de persona Mazzero Meneses, Miguel Humberto
245 10 - MENCIÓN DE TÍTULO
Título Aprovechamiento de residuos de cosecha y poscosecha del plátano /
Mención de responsabilidad, etc. Miguel Humberto Mazzero Meneses, Luis Fernando Mejía Gutiérrez, Felix Octavio Díaz Arango.
250 ## - MENCIÓN DE EDICIÓN
Mención de edición 1a. ed.
260 ## - PUBLICACIÓN, DISTRIBUCIÓN, ETC.
Lugar de publicación, distribución, etc. Manizales :
Nombre del editor, distribuidor, etc. Universidad de Caldas,
Fecha de publicación, distribución, etc. 2016.
300 ## - DESCRIPCIÓN FÍSICA
Extensión 125 páginas :
Otras características físicas ilustraciones y fotos en color.
500 ## - NOTA GENERAL
Nota general Incluye datos biográficos de los autores
505 0# - NOTA DE CONTENIDO CON FORMATO
Título Antecedentes |t Aprovechamiento de residuos de cosecha |t Aprovechamiento de residuos de postcosecha |t Creencias sobre las propiedades curativas de residuos de cosecha y postcosecha
520 3# - SUMARIO, ETC.
Sumario, etc. " La industrialización de los residuos del plátano a nivel rural tiene múltiples beneficios, entre los cuales se destaca el fortalecimiento del poder de negociación y mercadeo del productor. Cuando los productores del plátano tienen la opción de transformar los excedentes de plátano y sus residuos, reducen su dependencia hacia los intermediarios y mejoran sus ingresos"
650 14 - PUNTO DE ACCESO ADICIONAL DE MATERIA--TÉRMINO DE MATERIA
Término de materia o nombre geográfico como elemento de entrada Plátano
Subdivisión general Tratamiento postcosecha
650 14 - PUNTO DE ACCESO ADICIONAL DE MATERIA--TÉRMINO DE MATERIA
Término de materia o nombre geográfico como elemento de entrada Plátano
Subdivisión general Cultivo
650 24 - PUNTO DE ACCESO ADICIONAL DE MATERIA--TÉRMINO DE MATERIA
Término de materia o nombre geográfico como elemento de entrada Residuos agroindustriales
650 24 - PUNTO DE ACCESO ADICIONAL DE MATERIA--TÉRMINO DE MATERIA
Término de materia o nombre geográfico como elemento de entrada Conversión de residuos
700 1# - PUNTO DE ACCESO ADICIONAL--NOMBRE DE PERSONA
Nombre de persona Mejía Gutiérrez, Luis Fernando
700 1# - PUNTO DE ACCESO ADICIONAL--NOMBRE DE PERSONA
Nombre de persona Díaz Arango, Felix Octavio
Existencias
Estado de retiro Estado de pérdida Fuente del sistema de clasificación o colocación Estado dañado No para préstamo Código de colección Localización permanente Ubicación/localización actual Fecha de adquisición Número de inventario Total de préstamos Signatura topográfica completa Código de barras Fecha visto por última vez Número de copia Precio válido a partir de Tipo de ítem Koha Nota pública
          Colección General Biblioteca Pública San Juan Bosco Biblioteca Pública San Juan Bosco 20/01/2020 NT   634.773 M19 MOS018635 20/01/2020 ej.1 20/01/2020 Libro Ocho días

© Todos los derechos reservados para la Biblioteca Pública Municipal San Juan Bosco, 2020
Secretaria de Cultura de Mosquera
Carrera 3 N° 10 Esquina Centro Cultural Barrio El Carmén Teléfono: 8270830 Ext: 34
Funcionando con KOHA
Contacto: Biblioteca Pública Municipal San Juan Bosco/ bibliotecasanjuanbosco@mosquera-cundinamarca.gov.co
Mosquera, Cundinamarca